000 005260000a22001690004500
090 _aAR
_b03758
245 1 0 _aDispersal ecology and diversity in neotropical forest communities
650 1 4 _aEcología forestal
_993578
650 1 4 _aComunidades arbóreas
_997525
650 1 4 _aDispersión
_97460
650 1 4 _aEcología de comunidades
_93558
041 0 _aInglés
700 1 _aMissouri, Louis
_997540
100 1 _aGentry, Alwyn H.
_93673
942 _cARTICULO
773 1 _tSonderbd. Naturwiss. Ver. Hamburg
_q303-314
_d1983
_g7
999 _c12794
_d12794